Normal view
MARC view
- تأليف العظم،نزار مؤيد
Entry Personal Name
001 - CONTROL NUMBER
- control field: 17916
003 - CONTROL NUMBER IDENTIFIER
- control field: JO-AjAnu
005 - DATE AND TIME OF LATEST TRANSACTION
- control field: 20230606073145.0
008 - FIXED-LENGTH DATA ELEMENTS
- fixed length control field: 230606|| aca||aabn | a|a d
040 ## - CATALOGING SOURCE
- Original cataloging agency: JO-AjAnu
- Transcribing agency: JO-AjAnu
100 ## - HEADING--PERSONAL NAME
- Personal name: تأليف العظم،نزار مؤيد
670 ## - SOURCE DATA FOUND
- Source citation: Work cat.: (JO-AjAnu)9201: تأليف العظم،نزار مؤيد, author, الأصابع الصغيرة تنمو في الظلام: مجموعة قصصية